000 00329nam a2200121Ia 4500
005 20251222154404.0
008 251222s9999||||xx |||||||||||||| ||spa||
020 _a978-958-714-270-9
082 _a610.736.1/C61
100 _a"Cibanal Juan, LuisArce, María del Carmen"
245 0 _aLa relación enfermera-paciente
942 _cLIB
999 _c35415
_d35415